| 000 | 00617nam a22001817a 4500 | ||
|---|---|---|---|
| 999 |
_c174956 _d174956 |
||
| 005 | 20200728124930.0 | ||
| 010 | _aENG-128293 | ||
| 020 |
_c375.00 _a9789352837250 |
||
| 035 | _aEN-111825 | ||
| 037 | _bDBAD/PUB | ||
| 082 | _a540 | ||
| 100 | _aMadan,R.L | ||
| 245 |
_aChemistry for Degree Students / _cby R. L. Madan _bB.Sc. Second Year All Indian Universities: |
||
| 260 |
_aNew Delhi _bS.Chand _c2019 |
||
| 270 |
_aHead Office:7361,Ram Nagar,Qutab Rord _bNew Delhi _e110055 _k23672080 _l91-11-23677446 _minfo@schandpublishing.com |
||
| 300 |
_axiii;1105p. _c24cm(pbk) |
||
| 942 |
_2ddc _cEN _h540 _mMAD |
||